000
00340nam a2200133Ia 4500
008
251229s9999 xx 000 0 und d
020
_a
9798189747236
100
_a
NAND, PRATIBHA
245
2
_a
A TEXTBOOK OF HOSPITAL AND CLINICAL PHARMACY
250
_a
21TH
260
_b
BIRLA PUBLICATIONS, DELHI
_c
2021
300
_a
304
942
_c
BK
999
_c
223747
_d
223747